000 01312pam a2200373 a 4500
001 3888108
003 OSt
005 20140310182704.0
008 901029s1991 nyua j b 001 0 eng
010 _a 90022770
020 _a0380719630
040 _aDLC
_cDLC
_dDLC
042 _alcac
043 _an-us---
050 0 0 _aGT 4975
_b.B234 1991
082 0 0 _aM 394.2683
_bB23 1993
100 2 _aGraham-Barber, Lynda.
245 1 0 _aGobble :
_bthe complete book of thanksgiving words /
_cBarber, Lynda Graham
250 _a1st ed.
260 _aNew York :
_bAvon Books,
_cc1991.
300 _a141 p. :
_bill. ;
_c19 cm.
520 _aDefines or explains various words commonly associated with Thanksgiving, such as "harvest," "Pilgrim," and "musket," and gives their origin or historical background.
521 _aCollege Students
526 _a`
_c1210L-1700L
541 _j1
562 _e1
650 0 _aThanksgiving Day
_xJuvenile literature.
650 1 _aThanksgiving Day.
650 1 _aEnglish language
_xEtymology.
700 1 _aLewin, Betsy,
_eill.
906 _a7
_bcbc
_corignew
_d1
_eocip
_f19
_gy-gencatlg
942 _2lcc
_cBK
_kM
999 _c15196
_d15196